| 000 | 00472nam a2200181Ia 4500 | ||
|---|---|---|---|
| 008 | 160319s9999 xx 000 0 und d | ||
| 245 | _aAncient world / | ||
| 260 | _aNew Delhi : | ||
| 260 | _bYoung Learner Productions. | ||
| 260 | _cNA | ||
| 300 | _a1 computer optical disc : | ||
| 300 | _bsound, colored ; | ||
| 300 | _c4 3/4 in. | ||
| 650 | _aCuriosities and wonders -- | ||
| 650 | _aHistory, Ancient -- | ||
| 650 | _xSoftware. | ||
| 650 | _xSoftware. | ||
| 999 |
_c292661 _d292661 |
||